La Sociedad civil ante la transición democrática /
Gorde:
| Egile nagusia: | |
|---|---|
| Beste egile batzuk: | |
| Formatua: | Texto |
| Argitaratua: |
Mexico D.F.:
Red Mexicana de Investigadores Sobre Organizaciones Civiles
|
| Gaiak: | |
| Etiketak: |
Etiketa erantsi
Etiketarik gabe, Izan zaitez lehena erregistro honi etiketa jartzen!
|
MARC
| LEADER | 00000 a a2200000 04500 | ||
|---|---|---|---|
| 001 | 31236 | ||
| 003 | |||
| 040 | |||
| 020 | |a 970-722-073-2 | ||
| 090 | |a 196904 | ||
| 100 | |a Alvarez, Lucía | ||
| 245 | |a La Sociedad civil ante la transición democrática / |c Lucía Alvarez | ||
| 260 | |a Mexico D.F.: |b Red Mexicana de Investigadores Sobre Organizaciones Civiles | ||
| 300 | |a 193 p. | ||
| 650 | |a SOCIEDAD CIVIL | ||
| 650 | |a CULTURA POLITICA | ||
| 650 | |a ORGANIZACIONES NO GUBERNAMENTALES | ||
| 650 | |a GRUPOS POPULARES | ||
| 650 | |a ASOCIACIONES | ||
| 650 | |a PARTICIPACION POLITICA | ||
| 650 | |a DESARROLLO POLITICO | ||
| 650 | |a DEMOCRATIZACION | ||
| 650 | |a PARTIDOS POLITICOS | ||
| 650 | |a PARTICIPACION SOCIAL | ||
| 650 | |a CAPITAL SOCIAL | ||
| 650 | |a MEXICO | ||
| 700 | |a coord. | ||
| 999 | |c 4509 |d 4509 | ||



